000 00952nam a2200265Ia 4500
003 OSt
005 20220923211426.0
006 a|||||r|||| 00| 0
007 ta
008 220922b |||||||| |||| 00| 0 hin d
020 _a9788193880920 (hbk)
_c595
024 _a354,682
037 _b165, 29/12/2021, Mallika Books
_cTextual
040 _aARTS
_cARTS
_bhin
041 _2hin
_ahin
082 _aO152,1:g(Y5926), Q9
100 _aब्रह्मा नन्द, ले.
245 0 _aदलित कविता का मूल्यांकन
246 _aDalit kavitā kā mūlyāankana
260 _aनई दिल्ली
_b स्वराज प्रकाशन
_c2019
300 _a200पृ.
_ccm.
650 _aहिन्दी कविता
942 _hO152,1:g(Y5926), Q9
_cTEXL
_2CC
999 _c299319
_d299319